000 00682nam a2200241Ia 4500
003 OSt
005 20221007080802.0
006 a|||||r|||| 00| 0
007 ta
008 221006b |||||||| |||| 00| 0 eng d
024 _a11,333
037 _cTextual
040 _aFLL
_cFLL
_beng
041 _2eng
_aeng
082 _aV1:5(Z).N7, M4.2
100 _aMeron Theodor Ed.
_9364803
245 0 _aHuman rights in international law
_b Legal and policy issues
260 _aNew York
_bClarendon press oxford U.S.A.
_c1984
300 _a566p
_ccm.
490 _vVol.2
942 _hV1:5(Z).N7, M4.2
_cTEXL
_2CC
999 _c1160886
_d1160886